000 00524nam a2200169Ia 4500
008 090201s9999 xx 000 0 und d
010 _aKPL-28698
040 _bमराठी
041 _aमराठी
082 _a30652
_b28698
100 _aना. रा. शेंडे
245 _aप्रतिध्वनी
_cना. रा. शेंडे
260 _c2004
_bश्रीशेष प्रकाशन
300 _a94
_bमोठा
600 _aप्रतिध्वनी
942 _cBOOK
999 _c229181
_d229181